000 00918nam a2200289 i 4500
001 bg
100 1 _aMazur, Eugeniusz.
245 1 0 _aPodstawy automatyki :
_bzbiór zadań /
_cEugeniusz Mazur, Marcin Sosnowski ; Politechnika Częstochowska.
260 _aCzęstochowa :
_bWydawnictwo Politechniki Częstochowskiej,
_c2006.
300 _a214 s. :
_bil. ;
_c24 cm.
490 1 _aSkrypty Politechniki Częstochowskiej
_x1234-9909
_v56
650 9 _aAutomatyka
655 _aĆwiczenia i zadania dla szkół wyższych
700 1 _aSosnowski, Marcin.
830 _aSkrypty Politechniki Częstochowskiej
_x1234-9909
015 _aPB 3992/2007
020 _a8371933185
020 _a9788371933189
040 _cBPK
041 0 _apol
044 _aPOL
080 _a681.5(075.8)(076)
920 _a83-7193-318-5
920 _a978-83-7193-318-9
942 _cKS
008 070221s2006 pl a f |000 0 pol
999 _c54131
_d54131
856 _uhttp://koha.tu.koszalin.pl/cgi-bin/koha/opac-detail.pl?biblionumber=54131
_yKatalog online BPK